[Event "Mittelrhein Verbandsliga-W 17/18"]
[Site "Nordrheinwestfalen"]
[Date "2017.12.03"]
[Round "5.6"]
[White "Pohlmann, Burkhard"]
[Black "Schmitt, Lars"]
[Result "1-0"]
[WhiteElo "1682"]
[BlackElo "1796"]
[PlyCount "79"]
[EventDate "2017.09.10"]
[EventType "team-tourn"]
[EventRounds "11"]
[EventCountry "GER"]
[SourceTitle "EXT 2022"]
[Source "ChessBase"]
[SourceDate "2021.10.06"]
[SourceVersion "1"]
[SourceVersionDate "2021.10.06"]
[SourceQuality "1"]
[WhiteTeam "Aachen SV III"]
[BlackTeam "Herzogenrath"]
[WhiteTeamCountry "GER"]
[BlackTeamCountry "GER"]

1. d4 e6 2. c4 f5 3. Nc3 Nf6 4. e3 Bb4 5. Bd2 b6 6. f3 Nh5 7. Nge2 Qh4+ 8. g3 Qe7 9. Qc2 Ba6 10. a3 Bd6 11. Na4 b5 12. cxb5 Bxb5 13. Nac3 Bc6 14. Bg2 0-0 15. 0-0-0 a5 16. Nb1 Na6 17. Bxa5 Rfb8 18. Nec3 Nf6 19. e4 fxe4 20. fxe4 e5 21. d5 Bb5 22. Bf1 Bxf1 23. Rhxf1 Nc5 24. Bb4 Nb7 25. Bxd6 Nxd6 26. Qe2 Rb6 27. Rd2 Rab8 28. Rc2 Qe8 29. Nd2 Nb7 30. Na4 d6 31. Nxb6 cxb6 32. b4 Rc8 33. Rxc8 Qxc8+ 34. Kb2 Nd8 35. Rc1 Qd7 36. Nc4 b5 37. Na5 Kf7 38. Nc6 Nxc6 39. dxc6 Qa7 40. c7 1-0

[Event "Mittelrhein Verbandsliga-W 17/18"]
[Site "Nordrheinwestfalen"]
[Date "2017.10.22"]
[Round "3.6"]
[White "Pohlmann, Burkhard"]
[Black "Raabe, Joachim"]
[Result "0-1"]
[WhiteElo "1682"]
[BlackElo "1760"]
[PlyCount "36"]
[EventDate "2017.09.10"]
[EventType "team-tourn"]
[EventRounds "11"]
[EventCountry "GER"]
[SourceTitle "EXT 2022"]
[Source "ChessBase"]
[SourceDate "2021.10.06"]
[SourceVersion "1"]
[SourceVersionDate "2021.10.06"]
[SourceQuality "1"]
[WhiteTeam "Aachen SV III"]
[BlackTeam "Bruehl III"]
[WhiteTeamCountry "GER"]
[BlackTeamCountry "GER"]

1. d4 d5 2. c4 c6 3. e3 Nf6 4. Nc3 g6 5. Nf3 Bg7 6. Bd3 0-0 7. 0-0 Nbd7 8. b3 Re8 9. Bb2 e5 10. dxe5 Nxe5 11. Nxe5 Rxe5 12. cxd5 cxd5 13. Rc1 Rh5 14. Be2 Rh6 15. Bf3 Be6 16. Nb5 Rc8 17. Rxc8 Qxc8 18. Nxa7 Qb8 0-1

[Event "Mittelrhein Verbandsliga-W 17/18"]
[Site "Nordrheinwestfalen"]
[Date "2017.09.10"]
[Round "1.7"]
[White "Krug, Reinhard"]
[Black "Pohlmann, Burkhard"]
[Result "1/2-1/2"]
[WhiteElo "1909"]
[BlackElo "1682"]
[PlyCount "76"]
[EventDate "2017.09.10"]
[EventType "team-tourn"]
[EventRounds "11"]
[EventCountry "GER"]
[SourceTitle "EXT 2022"]
[Source "ChessBase"]
[SourceDate "2021.10.06"]
[SourceVersion "1"]
[SourceVersionDate "2021.10.06"]
[SourceQuality "1"]
[WhiteTeam "Alsdorf SVG"]
[BlackTeam "Aachen SV III"]
[WhiteTeamCountry "GER"]
[BlackTeamCountry "GER"]

1. Nf3 d5 2. g3 Nf6 3. Bg2 e6 4. 0-0 Be7 5. d3 0-0 6. Nbd2 Nbd7 7. e4 dxe4 8. dxe4 c6 9. b3 Qc7 10. Bb2 e5 11. Nc4 Nxe4 12. Nfxe5 Ndf6 13. Qe2 Nd6 14. Rfe1 Be6 15. Nxd6 Bxd6 16. Nc4 Bb4 17. Be5 Qe7 18. c3 Bc5 19. b4 Bxc4 20. Qxc4 Bd6 21. Bd4 Qd8 22. Rad1 Re8 23. Rxe8+ Nxe8 24. Be5 Qc7 25. Bxd6 Nxd6 26. Qf4 Rd8 27. c4 Ne8 28. Rxd8 Qxd8 29. Bf3 Qd6 30. Qe3 Kf8 31. b5 cxb5 32. cxb5 b6 33. Qe4 g6 34. h4 h5 35. a4 Qd7 36. Qe5 Qd6 37. Qe4 Qe7 38. Qa8 Kg7 1/2-1/2